00558nam a2200193Ia 4500003000900000008004100009040001300050040001300063041000800076100001600084245002700100260001400127260000900141300000800150490000600158942000700164999001300171952018000184IT-RoPAU120407s9999 xx 000 0 und d aIT-RoPAU cIT-RoPAU aita aPiero Santi aLibertà condizionata aVallecchi c1966 c cm v1 cBK c422d422 00102ddc406850_00000000000000071aPAULUSbPAULUSd2012-04-11l0o850.0r2012-04-11 00:00:00w2012-04-11yBKzInserito da: In data: n.d. fondo: Via A.Severo 56 Progr:24613